|
|
|
|
| LEADER |
00899cam a2200241 a 4500 |
| 001 |
0000074518 |
| 005 |
20060206090000.0 |
| 040 |
|
|
|a mod
|
| 041 |
|
|
|a eng
|
| 020 |
0 |
0 |
|a 1574885650
|
| 090 |
0 |
0 |
|a 959.704148092
|b ZAH
|e 2003
|
| 100 |
1 |
0 |
|a Zahn
|h Randy R.
|
| 245 |
1 |
0 |
|a Snake pilot
|b flying the cobra attack helicopter in Vietnam
|c Randy R. Zahn
|
| 250 |
0 |
0 |
|a 1st ed.
|
| 260 |
0 |
0 |
|a Washington, D.C.
|b Brassy's Inc.
|c 2003
|
| 300 |
0 |
0 |
|a x, 282 p.
|b ill. maps.
|c 24 cm
|
| 500 |
0 |
0 |
|a Includes index
|
| 650 |
0 |
0 |
|a Vietnamese Conflict, 1961-1975
|x Aerial operations, American
|
| 650 |
0 |
0 |
|a Vietnamese Conflict, 1961-1975
|x Personal narratives, American
|
| 852 |
0 |
0 |
|a 01
|
| 999 |
|
|
|a 0234084
|b KEMENTAH
|d BOOKS
|e Umum
|f Perpustakaan KEMENTAH
|j AVAILABLE
|q GOOD CONDITION
|
| 999 |
|
|
|a 0235761
|b TUDM KUANTAN
|d BOOKS
|e Umum
|f TUDM Kuantan
|j AVAILABLE
|q GOOD CONDITION
|
| 999 |
|
|
|a 0237659
|b KTU
|d BOOKS
|e Umum
|f KTU
|j AVAILABLE
|q GOOD CONDITION
|